Carreras truncadas : el abandono escolar en el nivel medio en la argentina /

Guardado en:
Autor Principal: Binstock, Georgina
Otros Autores: Cerrutti, Marcela
Formato: Libro
Publicado: Buenos Aires : Unicef, 2005
Materias:
Etiquetas: Agregar Etiqueta
Sin Etiquetas, Sea el primero en etiquetar este registro!
LEADER 00632nam a22002055a 4500
001 CEM.cems013943
008 130507s2005##################000#0#####d
005 20210705092536.0
003 CEMS
245 1 0 |a Carreras truncadas :  |b el abandono escolar en el nivel medio en la argentina /  |c Georgina Binstock y Marcela Cerrutti 
260 |a Buenos Aires :  |b Unicef,  |c 2005 
300 |a 144 p. 
590 |a 1082.013 
020 |a 9879286447 
100 1 |a Binstock, Georgina 
700 1 |a Cerrutti, Marcela 
653 |a Educación 
653 |a Deserción escolar 
653 |a Biblioteca TC 
859 |a CEMS  |b BIB. CEMS - 11 de abril  |h TC  |p 1082.013  |t Ej.1